000 00851nmm a2200277 a 4500
001 ocm000593878
003 TR-IsHL
005 20201028134255.0
008 131121s2007 tu tur
007 cr cn
020 _a9789944257268
035 _a593878
_b(N$T)
050 0 4 _aPL248.K87
_bK5 2007
090 0 4 _aPL248.K87
_bK5 2007
100 1 _aKurtoğlu, Ayhan
245 1 0 _aKırgın
_h[electronic resource] /
_cAyhan Kurtoğlu ; ed. Deniz Tekin
260 _aİstanbul :
_bAres Kitap,
_c2007
300 _a78 p.
650 4 _aDil ve Edebiyat
650 4 _aLanguage and Literature
650 0 _aTürk şiiri
650 0 _aTurkish poetry
650 7 _aLITERARY COLLECTIONS / Middle Eastern
_2bisacsh
700 1 _aTekin, Deniz
856 4 0 _uhttp://search.ebscohost.com/login.aspx?direct=true&scope=site&db=e011xww&AN=593878
999 _c6101
_d6101